Normal view MARC view
  • Administración

Entry Materia

Number of records used in: 32

001 - NÚMERO DE CONTROL DEL REGISTRO

  • campo de control: 426

003 - IDENTIFICADOR DE NUMERO DE CONTROL

  • campo de control: MX-MxUPN

005 - FECHA Y HORA DE LA ÚLTIMA TRANSACCIÓN

  • campo de control: 20240913115806.0

008 - DATOS DE LONGITUD FIJA

  • campo de control de longitud fija: 240913n||acnnnbabn n ana |d

035 ## - NÚMERO DE CONTROL DEL SISTEMA

  • Número de control del sistema: UPN10000000426

040 ## - FUENTE DE LA CATALOGACIÓN

  • Lengua de catalogación: spa
  • Agencia de transcripción: MX-MxUPN
  • Centro catalogador de origen: MX-MxUPN

150 ## - ENCABEZAMIENTO - TEMÁTICO

  • Término de materia o nombre geográfico como elemento inicial: Administración
  • Subdivisión de forma: Manuales

450 ## - VÉASE - MATERIA

  • Encabezamiento temático: Manuales administrativos

670 ## - FUENTE EN LA QUE SE LOCALIZARON DATOS

  • Cita de la fuente: Autoridades BGTQ, 13 septiembre 2024 :
  • Información localizada: (Administración -- Manuales)

902 ## - CATALOGADOR

  • Catalogador: MEEG/260496
  • Catalogador: MaríaRobles/130924